000 00850cab a2200241 4500
001 WB3406-17
008 090401t1998 xxu||||| |||| 00| 0 eng d
035 _a(Sirsi) u84174
041 _aeng
245 _aRight-to-roam law opposed
260 _c1998
350 _a0
490 _aSunday Times
_v8 February 1998, 19(1)
520 _aThe public would support private landowners in restricting access to benefit conservation and protection of wildlife, according to an opinion poll by the Country Landowners Association, following proposals to introduce right to roam legislation.
650 _aACCESS TO THE COUNTRYSIDE
650 _aCLA
650 _aCOUNTRY LANDOWNERS ASSOCIATION
650 _aNATURE CONSERVATION
650 _aRIGHT TO ROAM
690 _aHIGHWAYS RIGHTS OF WAY AND EASEMENTS
942 _n0
948 _c11/02/1998
999 _c52892
_d52892